000
00340nam a22001577a 4500
003
SGT
020
_a
9783662499917
082
_a
617.522
_b
C13B
100
_a
Berkowitz, Samuel
245
_a
Cleft Lip & palate
250
_a
3rd
260
_b
Springer
_c
2013
300
_a
982
650
_a
Oral & Maxillofacial Surgery
942
_2
ddc
_c
BK
999
_c
26871
_d
26871